[Event "Sarajevo Bosna op 48th"]
[Site "Sarajevo"]
[Date "2018.05.05"]
[Round "1"]
[White "Manea, Alexandru"]
[Black "Cabric, Izet"]
[Result "1-0"]
[WhiteElo "2402"]
[BlackElo "1885"]
[PlyCount "61"]
[EventDate "2018.05.05"]
[EventType "swiss"]
[EventRounds "9"]
[EventCountry "BIH"]
[SourceTitle "CBM 184 Extra"]
[Source "ChessBase"]
[SourceDate "2018.06.28"]
[SourceVersion "1"]
[SourceVersionDate "2018.06.28"]
[SourceQuality "1"]

1. d4 Nf6 2. Bf4 c5 3. d5 d6 4. c4 e6 5. Nc3 exd5 6. cxd5 a6 7. e4 b5 8. Nf3 b4 9. Na4 Nxe4 10. Qe2 f5 11. Nd2 Be7 12. Nc4 0-0 13. f3 Nf6 14. Nab6 Ra7 15. 0-0-0 a5 16. Nxc8 Qxc8 17. Bxd6 Bxd6 18. Nxd6 Qd7 19. Qe6+ Qxe6 20. dxe6 g6 21. Bb5 Kg7 22. Rhe1 Ng8 23. Rd5 Na6 24. Bxa6 Rxa6 25. e7 Nxe7 26. Rxe7+ Kf6 27. Re1 h5 28. f4 a4 29. Ne8+ Kf7 30. Rd7+ Kg8 31. Ree7 1-0

[Event "BIH-ch"]
[Site "Lukavac"]
[Date "2016.04.01"]
[Round "3"]
[White "Coric, Ahmed"]
[Black "Cabric, Izet"]
[Result "0-1"]
[WhiteElo "2079"]
[BlackElo "1934"]
[PlyCount "82"]
[EventDate "2016.03.31"]
[EventType "swiss"]
[EventRounds "7"]
[EventCountry "BIH"]
[SourceTitle "CBM 171 Extra"]
[Source "ChessBase"]
[SourceDate "2016.04.26"]
[SourceVersion "1"]
[SourceVersionDate "2016.04.26"]
[SourceQuality "1"]

1. e4 d6 2. d4 Nf6 3. Nc3 g6 4. Be2 Bg7 5. h4 h5 6. Be3 c6 7. Qd2 Qa5 8. a3 b5 9. f3 Qc7 10. Nh3 Nbd7 11. 0-0 Rb8 12. Ng5 Nb6 13. b3 a6 14. Rab1 0-0 15. Na2 c5 16. c3 Ne8 17. f4 f6 18. Nf3 e6 19. Bd3 c4 20. bxc4 Nxc4 21. Bxc4 Qxc4 22. Rb4 Qc7 23. Qd3 Bd7 24. Rc1 e5 25. c4 Qd8 26. cxb5 axb5 27. Nc3 Nc7 28. Rcb1 Ra8 29. R4b3 Qe7 30. fxe5 dxe5 31. d5 Qd6 32. a4 f5 33. Nxb5 Nxb5 34. axb5 fxe4 35. Qxe4 Bf5 36. Qc4 Rfc8 37. Qf1 Bxb1 38. Qxb1 Qxd5 39. b6 Rab8 40. Ng5 e4 41. Qxe4 Qxb3 0-1

[Event "Sarajevo Bosna op-B 44th"]
[Site "Sarajevo"]
[Date "2014.06.02"]
[Round "5"]
[White "Cabric, Izet"]
[Black "Nukic, Farik"]
[Result "1-0"]
[WhiteElo "1953"]
[BlackElo "1733"]
[PlyCount "64"]
[EventDate "2014.05.30"]
[EventType "swiss"]
[EventRounds "9"]
[EventCountry "BIH"]
[SourceTitle "CBM 160 Extra"]
[Source "ChessBase"]
[SourceDate "2014.07.01"]
[SourceVersion "1"]
[SourceVersionDate "2014.07.01"]
[SourceQuality "1"]

1. e4 e6 2. d4 d5 3. Nc3 Bb4 4. e5 c5 5. a3 Bxc3+ 6. bxc3 Nc6 7. Nf3 Qa5 8. Bd2 Qa4 9. Be3 Nge7 10. Bd3 h6 11. 0-0 Bd7 12. dxc5 0-0-0 13. Bd4 Rdf8 14. Qe2 f6 15. Rfb1 g5 16. Bb5 Qa5 17. exf6 Nf5 18. Bxc6 bxc6 19. Ne5 Nxd4 20. cxd4 Rh7 21. Nxd7 Rxd7 22. Qxe6 Qc7 23. Rb3 Rff7 24. g3 g4 25. Rab1 h5 26. Qe8+ Rd8 27. Rb8+ Qxb8 28. Rxb8+ Kxb8 29. Qxd8+ Kb7 30. Qe7+ Ka6 31. Qxf7 Kb5 32. Qg6 a5 1-0

[Event "Sarajevo Bosna op-B 44th"]
[Site "Sarajevo"]
[Date "2014.06.01"]
[Round "3"]
[White "Cabric, Izet"]
[Black "Markovic, Dino"]
[Result "1/2-1/2"]
[WhiteElo "1953"]
[BlackElo "1661"]
[PlyCount "189"]
[EventDate "2014.05.30"]
[EventType "swiss"]
[EventRounds "9"]
[EventCountry "BIH"]
[SourceTitle "CBM 160 Extra"]
[Source "ChessBase"]
[SourceDate "2014.07.01"]
[SourceVersion "1"]
[SourceVersionDate "2014.07.01"]
[SourceQuality "1"]

1. e4 e6 2. d4 d5 3. Nc3 dxe4 4. Nxe4 Nd7 5. Nf3 Ngf6 6. Bg5 Be7 7. Nxf6+ Nxf6 8. Bd3 h6 9. Bd2 c5 10. dxc5 Bxc5 11. 0-0 0-0 12. a3 b6 13. h3 Bb7 14. Qe2 Nh5 15. Qe5 Bxf3 16. gxf3 Qh4 17. Kg2 Rad8 18. Qe4 Qxe4 19. fxe4 Nf6 20. Rad1 Rd7 21. Kf3 Rfd8 22. Ke2 Bd4 23. Bc1 e5 24. Rg1 Kf8 25. Rgf1 Nh5 26. Bb5 Rd6 27. c3 Bc5 28. Bd3 Rg6 29. b4 Be7 30. Bb5 Rgd6 31. Rxd6 Rxd6 32. a4 Nf4+ 33. Bxf4 exf4 34. Kf3 g5 35. Ke2 Bf6 36. Rc1 Be5 37. Rc2 Ke7 38. f3 f6 39. Bc4 Rc6 40. Kd3 Rd6+ 41. Bd5 Rd7 42. c4 Rc7 43. c5 bxc5 44. bxc5 h5 45. Kc4 Kd7 46. a5 Kd8 47. Be6 Ke7 48. Bd5 Kd7 49. Rd2 Ke7 50. Kb5 Bc3 51. Rd3 Be1 52. a6 Bf2 53. Bc6 Be3 54. Rd5 g4 55. hxg4 hxg4 56. fxg4 f3 57. e5 f2 58. exf6+ Kxf6 59. Rf5+ Ke7 60. Bg2 Ke6 61. Bd5+ Ke7 62. Bc4 Ke8 63. g5 Rg7 64. g6 Kd7 65. Bd3 Ke6 66. Rf3 Bd4 67. Kc4 Be5 68. Rxf2 Rc7 69. Be4 Bg7 70. Bd5+ Kd7 71. Kb5 Bd4 72. Rc2 Ke7 73. Bf7 Kf6 74. Rc4 Be3 75. c6 Bb6 76. Re4 Re7 77. Rf4+ Kg7 78. Rf5 Re1 79. Rh5 Rb1+ 80. Ka4 Ra1+ 81. Kb3 Rxa6 82. Rh7+ Kf6 83. Be8 Ra5 84. Rh4 Re5 85. Bf7 Rb5+ 86. Rb4 Rxb4+ 87. Kxb4 a5+ 88. Ka4 Bc7 89. Kb5 Kg7 90. Be8 Kf6 91. Kc5 Bg3 92. Bf7 Bc7 93. Be8 Bg3 94. Kb5 Bc7 95. Kc4 1/2-1/2

[Event "Zenica op"]
[Site "Zenica"]
[Date "2013.09.07"]
[Round "4"]
[White "Spaho, Samir"]
[Black "Cabric, Izet"]
[Result "1-0"]
[WhiteElo "2135"]
[BlackElo "1944"]
[PlyCount "77"]
[EventDate "2013.09.05"]
[EventType "swiss"]
[EventRounds "7"]
[EventCountry "BIH"]
[SourceTitle "CBM 156 Extra"]
[Source "ChessBase"]
[SourceDate "2013.10.22"]
[SourceVersion "1"]
[SourceVersionDate "2013.10.22"]
[SourceQuality "1"]

1. e4 d6 2. d4 Nf6 3. Nc3 g6 4. Nf3 Bg7 5. Be2 0-0 6. 0-0 Nc6 7. h3 e5 8. Be3 a6 9. dxe5 Nxe5 10. Nxe5 dxe5 11. Bc5 Re8 12. Bc4 Be6 13. Qe2 Qc8 14. Nd5 Bxd5 15. exd5 b5 16. Bb3 Qb7 17. Rfd1 Rad8 18. c4 Nh5 19. Be3 c6 20. d6 Nf4 21. Qf3 Rd7 22. c5 Ne6 23. Re1 Kh8 24. h4 Rdd8 25. h5 Qd7 26. h6 Bf8 27. Qf6+ Kg8 28. Qxe5 a5 29. a3 Ng7 30. Qc3 Rxe3 31. Qxe3 Nf5 32. Qh3 Nxh6 33. Qxd7 Rxd7 34. Re8 Kg7 35. Rc8 Nf5 36. Rd1 a4 37. Bc2 f6 38. Bxf5 gxf5 39. Rc7 1-0

[Event "Sarajevo Bosna op-B 43rd"]
[Site "Sarajevo"]
[Date "2013.06.03"]
[Round "4"]
[White "Petrovic, Marija"]
[Black "Cabric, Izet"]
[Result "1-0"]
[WhiteElo "2121"]
[BlackElo "1971"]
[PlyCount "146"]
[EventDate "2013.06.01"]
[EventType "swiss"]
[EventRounds "9"]
[EventCountry "BIH"]
[SourceTitle "CBM 154 Extra"]
[Source "ChessBase"]
[SourceDate "2013.06.25"]
[SourceVersion "2"]
[SourceVersionDate "2013.06.25"]
[SourceQuality "1"]

1. Nf3 g6 2. g3 Bg7 3. Bg2 c5 4. 0-0 Nc6 5. d3 d6 6. e4 Nf6 7. c3 0-0 8. h3 Qc7 9. a4 a6 10. Na3 Rb8 11. Be3 b5 12. axb5 axb5 13. Nd2 e5 14. Nc2 Nd7 15. Nf3 Nb6 16. Qd2 Be6 17. Bh6 f6 18. Bxg7 Kxg7 19. d4 Nc4 20. Qe2 N6a5 21. d5 Bd7 22. b4 Nb7 23. Ne3 Nb6 24. Nh4 Ra8 25. f4 Ra4 26. Rab1 Ra3 27. Rbc1 Na4 28. Qd2 cxb4 29. cxb4 Qb6 30. Rf3 Rb3 31. Kh1 f5 32. Nexf5+ gxf5 33. Rxb3 fxe4 34. Rf1 Qd4 35. Qxd4 exd4 36. Bxe4 Nc3 37. Bg2 Bf5 38. Nxf5+ Rxf5 39. Ra1 Nd8 40. Rxc3 dxc3 41. Rc1 Rf7 42. Rxc3 Ra7 43. Bf1 Ra1 44. Kg2 Rb1 45. Bxb5 Rxb4 46. Be8 Kf6 47. Rc7 Rb7 48. Rxb7 Nxb7 49. Kf3 Nc5 50. g4 h6 51. h4 Ke7 52. Bg6 Kf6 53. Bc2 Nd7 54. g5+ Kg7 55. Kg4 Nb6 56. Be4 Nd7 57. Kf5 hxg5 58. fxg5 Kf7 59. Bf3 Nf8 60. Bh5+ Ke7 61. Bg6 Nd7 62. h5 Ne5 63. h6 Kf8 64. Bh5 Kg8 65. Kf6 Kh7 66. Be2 Kh8 67. Ke6 Kh7 68. Bh5 Nc4 69. Bg4 Ne5 70. Bf5+ Kh8 71. g6 Nf7 72. h7 Ng5+ 73. Kxd6 Kg7 1-0

[Event "Sarajevo Bosna op-B 43rd"]
[Site "Sarajevo"]
[Date "2013.06.02"]
[Round "2"]
[White "Avdic, Amna"]
[Black "Cabric, Izet"]
[Result "0-1"]
[WhiteElo "1641"]
[BlackElo "1971"]
[PlyCount "158"]
[EventDate "2013.06.01"]
[EventType "swiss"]
[EventRounds "9"]
[EventCountry "BIH"]
[SourceTitle "CBM 154 Extra"]
[Source "ChessBase"]
[SourceDate "2013.06.25"]
[SourceVersion "2"]
[SourceVersionDate "2013.06.25"]
[SourceQuality "1"]

1. d4 Nf6 2. c4 c5 3. d5 g6 4. Nc3 d6 5. e4 Bg7 6. Nf3 0-0 7. Be2 Na6 8. 0-0 Nc7 9. Bg5 a6 10. a4 Rb8 11. Rb1 Bd7 12. Qc2 b5 13. b3 Qe8 14. axb5 axb5 15. h3 b4 16. Na2 Ra8 17. Rfe1 h6 18. Bf4 Ra6 19. e5 Nh5 20. Bh2 dxe5 21. Bxe5 Bxe5 22. Nxe5 Bf5 23. Bd3 Qa8 24. Nc1 e6 25. Bxf5 exf5 26. Ncd3 Ra2 27. Rb2 Rxb2 28. Qxb2 Na6 29. Nc6 f6 30. Re6 Re8 31. Qe2 Ng7 32. Rxe8+ Qxe8 33. Qxe8+ Nxe8 34. g3 Nd6 35. f3 g5 36. Kf2 Kf7 37. Ke3 Ke8 38. h4 Kd7 39. Kf2 Nf7 40. Ke3 Kd6 41. h5 Ne5 42. Ncxe5 fxe5 43. f4 exf4+ 44. gxf4 g4 45. Ne5 Ke7 46. Ng6+ Kf6 47. Nh4 Nb8 48. Ng6 Nd7 49. Ke2 Nb6 50. Ne5 Ke7 51. Ng6+ Kf7 52. Ne5+ Kf6 53. Ng6 Nc8 54. Ne5 Ke7 55. Ng6+ Ke8 56. Ne5 Nd6 57. Ng6 Kf7 58. Ne5+ Ke7 59. Ng6+ Kf6 60. Ne5 Ne4 61. Nd7+ Ke7 62. Ne5 Ng3+ 63. Ke3 Nxh5 64. Nd3 Kd6 65. Ne5 g3 66. Nf7+ Ke7 67. Nxh6 Kf6 68. Ng8+ Kf7 69. Nh6+ Kg6 70. Ng8 g2 71. Kf2 Nxf4 72. Ne7+ Kf6 73. Ng8+ Ke5 74. Nh6 Nd3+ 75. Kxg2 Nc1 76. Nf7+ Kf6 77. Nd6 Nxb3 78. Kf3 Nd4+ 79. Ke3 b3 0-1

[Event "Sarajevo Bosna op-B 43rd"]
[Site "Sarajevo"]
[Date "2013.06.02"]
[Round "3"]
[White "Cabric, Izet"]
[Black "Popovic, Emir"]
[Result "1-0"]
[WhiteElo "1971"]
[BlackElo "1865"]
[PlyCount "93"]
[EventDate "2013.06.01"]
[EventType "swiss"]
[EventRounds "9"]
[EventCountry "BIH"]
[SourceTitle "CBM 154 Extra"]
[Source "ChessBase"]
[SourceDate "2013.06.25"]
[SourceVersion "2"]
[SourceVersionDate "2013.06.25"]
[SourceQuality "1"]

1. c4 Nf6 2. Nc3 c5 3. g3 Nc6 4. Bg2 g6 5. e3 Bg7 6. Nge2 d6 7. 0-0 0-0 8. d4 e6 9. a3 a6 10. Rb1 Qc7 11. b4 cxd4 12. exd4 Ne7 13. c5 dxc5 14. Bf4 Qd7 15. bxc5 Ned5 16. Be5 Qc6 17. Qb3 Rd8 18. Nf4 Qd7 19. Na4 Qe8 20. Rfe1 Bd7 21. Nb6 Nxb6 22. Qxb6 Bc6 23. Bxf6 Bxf6 24. d5 Bb5 25. Nxe6 Bc3 26. Nc7 Qd7 27. Nxa8 Bxe1 28. c6 bxc6 29. dxc6 Qe7 30. c7 Re8 31. Rc1 Bd7 32. Bb7 Bd2 33. Rb1 Bh3 34. c8Q Bxc8 35. Bxc8 Rxc8 36. Qxa6 Rd8 37. Nb6 Rb8 38. a4 Qc5 39. Qb5 Qc2 40. Rf1 Qc3 41. h4 h5 42. Kg2 Rb7 43. Qd5 Ra7 44. Nc4 Bh6 45. a5 Bf8 46. Rb1 Bb4 47. Qb5 1-0

[Event "Lukavac op 1st"]
[Site "Lukavac"]
[Date "2012.11.24"]
[Round "3"]
[White "Cabric, Izet"]
[Black "Kozarcanin, Sead"]
[Result "1-0"]
[WhiteElo "1945"]
[BlackElo "2106"]
[PlyCount "91"]
[EventDate "2012.11.23"]
[EventType "swiss"]
[EventRounds "7"]
[EventCountry "BIH"]
[SourceTitle "CBM 151 Extra"]
[Source "ChessBase"]
[SourceDate "2012.12.18"]
[SourceVersion "1"]
[SourceVersionDate "2012.12.18"]
[SourceQuality "1"]

1. e4 e5 2. Nf3 Nc6 3. Bb5 Nge7 4. c3 a6 5. Ba4 d6 6. d4 Bd7 7. 0-0 Ng6 8. Re1 b5 9. Bb3 Be7 10. Nbd2 0-0 11. Nf1 exd4 12. cxd4 Bf6 13. Ne3 Re8 14. Bc2 Bc8 15. a4 Bb7 16. Nd5 Nh4 17. Nxf6+ Qxf6 18. Nxh4 Qxh4 19. f3 d5 20. g3 Qh5 21. e5 Nb4 22. Bb1 c5 23. Bd2 Nc6 24. Bf4 Nxd4 25. g4 Qh3 26. Bg3 f5 27. Bd3 fxg4 28. Bf1 Qh6 29. fxg4 Rad8 30. b4 Qd2 31. axb5 Qxd1 32. Rexd1 axb5 33. bxc5 Nf3+ 34. Kf2 Nxe5 35. Bxb5 Nxg4+ 36. Kg1 Re6 37. Rd4 Nf6 38. Re1 Ne4 39. c6 Bc8 40. c7 Rf8 41. Rxd5 Nxg3 42. Rxe6 Bxe6 43. Rd8 Kf7 44. Bc4 Ne2+ 45. Kf2 Nc3 46. Bxe6+ 1-0

[Event "Sarajevo Bosna op-B 42nd"]
[Site "Sarajevo"]
[Date "2012.05.05"]
[Round "1"]
[White "Cabric, Izet"]
[Black "Mrndjic, Muamer"]
[Result "1/2-1/2"]
[WhiteElo "1968"]
[BlackElo "2232"]
[PlyCount "130"]
[EventDate "2012.05.05"]
[EventType "swiss"]
[EventRounds "9"]
[EventCountry "BIH"]
[SourceTitle "CBM 148 Extra"]
[Source "ChessBase"]
[SourceDate "2012.06.22"]
[SourceVersion "1"]
[SourceVersionDate "2012.06.22"]
[SourceQuality "1"]

1. e4 c5 2. Nf3 Nc6 3. c3 Nf6 4. e5 Nd5 5. d4 cxd4 6. cxd4 d6 7. Bc4 Nb6 8. Bb3 dxe5 9. dxe5 Qxd1+ 10. Bxd1 Bg4 11. Bf4 Nb4 12. 0-0 Nd3 13. Bg3 Nxb2 14. Be2 a6 15. Nbd2 e6 16. Rfc1 Rb8 17. Rc7 Nd5 18. Rc2 Na4 19. Rc4 Nac3 20. Bd3 Bxf3 21. gxf3 Ba3 22. Ne4 Nxe4 23. Bxe4 b5 24. Rc6 Nb4 25. Rc7 0-0 26. Ra7 Rbc8 27. Bh4 Rfe8 28. Kg2 Bb2 29. Rb1 Bd4 30. Rd7 Nd5 31. Bxd5 exd5 32. f4 Rc4 33. Rxd5 h6 34. Rd1 Bc3 35. Rd8 Rxd8 36. Rxd8+ Kh7 37. Bg3 h5 38. h4 g6 39. Rd7 Kg8 40. Rd8+ Kg7 41. Rd3 Bb2 42. Rd7 Kf8 43. Rd2 Bc1 44. Rd8+ Ke7 45. Ra8 Ra4 46. Kf3 Rxa2 47. Ke4 b4 48. f5 gxf5+ 49. Kxf5 Ra5 50. Ra7+ Ke8 51. Kf6 b3 52. Re7+ Kd8 53. Rxf7 b2 54. Rf8+ Kc7 55. e6+ Kc6 56. Rc8+ Kd5 57. Rd8+ Kc4 58. Rc8+ Rc5 59. Rxc5+ Kxc5 60. e7 b1Q 61. e8Q Bb2+ 62. Be5 Bxe5+ 63. Qxe5+ Kc6 64. Qxh5 Qb2+ 65. Ke6 Qa2+ 1/2-1/2

[Event "Gorazde op"]
[Site "Gorazde"]
[Date "2011.09.18"]
[Round "7"]
[White "Cabric, Izet"]
[Black "Besirevic, Jasmin"]
[Result "0-1"]
[WhiteElo "2008"]
[BlackElo "1978"]
[PlyCount "128"]
[EventDate "2011.09.15"]
[EventType "swiss"]
[EventRounds "7"]
[EventCountry "BIH"]
[SourceTitle "CBM 144 Extra"]
[Source "ChessBase"]
[SourceDate "2011.10.28"]
[SourceVersion "1"]
[SourceVersionDate "2011.10.28"]
[SourceQuality "1"]

1. e4 c5 2. Nf3 d6 3. c3 a6 4. d4 cxd4 5. cxd4 e6 6. Nc3 b5 7. a3 Bb7 8. Bd3 Nf6 9. 0-0 Be7 10. Bg5 0-0 11. Rc1 Nbd7 12. Re1 Rc8 13. h3 Nb6 14. Nd2 h6 15. Be3 e5 16. d5 Qd7 17. Qe2 Na8 18. Nf1 Qd8 19. Ng3 Re8 20. Nf5 Bf8 21. Kh2 Nb6 22. b3 Nbd7 23. Bb1 Kh7 24. b4 g6 25. Ng3 Nb6 26. Bxb6 Qxb6 27. Qd2 Bg7 28. Ba2 Re7 29. Re3 Rec7 30. Bb3 h5 31. a4 Bh6 32. a5 Qd4 33. Qe1 Bxe3 34. fxe3 Qd3 35. Nge2 Qxe3 36. Qf1 Nxe4 37. Nxe4 Qxe4 38. Rb1 Bxd5 39. Ng3 Qxg2+ 40. Qxg2 Bxg2 41. Kxg2 f5 42. Ne2 Kg7 43. Rd1 Rd8 44. h4 Kf6 45. Kf3 g5 46. hxg5+ Kxg5 47. Rg1+ Kf6 48. Bd5 h4 49. Rh1 Rh8 50. Rh2 Rg7 51. Rg2 Rxg2 52. Kxg2 h3+ 53. Kh2 Rh4 54. Bb7 Rxb4 55. Nc3 Rb2+ 56. Kh1 b4 57. Nd5+ Kg5 58. Bxa6 Kg4 59. Ne3+ Kf4 60. Nc4 Ra2 61. Nxd6 b3 62. Bc8 Rd2 63. Nc4 Rd4 64. a6 Rxc4 0-1

[Event "Gorazde op"]
[Site "Gorazde"]
[Date "2011.09.17"]
[Round "6"]
[White "Cabric, Izet"]
[Black "Lepenica, Sinan"]
[Result "1-0"]
[WhiteElo "2008"]
[BlackElo "1917"]
[PlyCount "67"]
[EventDate "2011.09.15"]
[EventType "swiss"]
[EventRounds "7"]
[EventCountry "BIH"]
[SourceTitle "CBM 144 Extra"]
[Source "ChessBase"]
[SourceDate "2011.10.28"]
[SourceVersion "1"]
[SourceVersionDate "2011.10.28"]
[SourceQuality "1"]

1. e4 e5 2. Nf3 Nc6 3. Bb5 a6 4. Ba4 Nf6 5. 0-0 Bc5 6. d3 b5 7. Bb3 h6 8. c3 0-0 9. a4 Bb7 10. Na3 Bxa3 11. Rxa3 d5 12. Bc2 d4 13. Bd2 Qd6 14. Ra1 Rfe8 15. h3 b4 16. a5 Qc5 17. cxd4 Nxd4 18. Nxd4 Qxd4 19. Qc1 Kh7 20. Bb1 Rac8 21. Be3 Qd6 22. Bc5 Qe6 23. Bxb4 Nh5 24. Bd2 Qg6 25. f4 exf4 26. Bxf4 f5 27. Ra4 Kh8 28. Rc4 Ng3 29. Bxg3 Qxg3 30. Rxf5 Rf8 31. Rcc5 Rf6 32. Rxf6 gxf6 33. Qxh6+ Kg8 34. Ba2+ 1-0

[Event "Gorazde op"]
[Site "Gorazde"]
[Date "2011.09.16"]
[Round "4"]
[White "Cabric, Izet"]
[Black "Delic, Jasmin"]
[Result "0-1"]
[WhiteElo "2008"]
[BlackElo "1822"]
[PlyCount "64"]
[EventDate "2011.09.15"]
[EventType "swiss"]
[EventRounds "7"]
[EventCountry "BIH"]
[SourceTitle "CBM 144 Extra"]
[Source "ChessBase"]
[SourceDate "2011.10.28"]
[SourceVersion "1"]
[SourceVersionDate "2011.10.28"]
[SourceQuality "1"]

1. d4 Nf6 2. c4 g6 3. Nc3 d5 4. Nf3 Bg7 5. h3 0-0 6. Bg5 c6 7. e3 Ne4 8. Nxe4 dxe4 9. Nd2 h6 10. Bh4 g5 11. Bg3 f5 12. Bh2 c5 13. Nb3 cxd4 14. Bxb8 Rxb8 15. Nxd4 Qb6 16. Qb3 Bxd4 17. c5+ Qxb3 18. axb3 Bxc5 19. Bc4+ Kg7 20. 0-0 b5 21. Be2 Be6 22. Rfc1 Rfc8 23. Bd1 f4 24. exf4 gxf4 25. Kf1 Bd4 26. Rcb1 e3 27. fxe3 fxe3 28. g4 Bd5 29. Ke2 Be4 30. Rc1 Rf8 31. Rc7 Rf2+ 32. Ke1 Bd3 0-1